000 00738nam a2200289Ia 4500
005 20260324134422.0
008 008 260324s9999 xx 000 0 eng d
020 _a9781315086507
037 _aEBOOK
040 _aCRL
040 _beng
040 _cCRL
041 _2eng
041 _aeng
084 _qCRL
100 _aRobert C. Provine; J. Lawrence Witzleben; Yosihiko Tokumaru
_91196740
245 4 _aThe Garland Encyclopedia of World Music
245 0 _bEast Asia: China, Japan, and Korea
260 _bTaylor and Francis
260 _c2002
365 _a
365 _b840
856 _uhttp://www.taylorfrancis.com/books/9781315086507
942 _cEBOOK
999 _c1796819
_d1796819